Metal forming handbook / (Record no. 60983)

000 -LEADER
fixed length control field 01300pam a2200325 a 4500
001 - CONTROL NUMBER
control field 1670452
003 - CONTROL NUMBER IDENTIFIER
control field NUST-PNEC
005 - DATE AND TIME OF LATEST TRANSACTION
control field 20170116180711.0
008 - FIXED-LENGTH DATA ELEMENTS--GENERAL INFORMATION
fixed length control field 980428s1998 ge a b 001 0 eng
010 ## - LIBRARY OF CONGRESS CONTROL NUMBER
LC control number 98022434
020 ## - INTERNATIONAL STANDARD BOOK NUMBER
International Standard Book Number 3540611851
040 ## - CATALOGING SOURCE
Transcribing agency PNEC
041 1# - LANGUAGE CODE
Language code of text/sound track or separate title eng
Language code of original ger
050 00 - LIBRARY OF CONGRESS CALL NUMBER
Classification number TS205
Item number .H33413 1998
082 00 - DEWEY DECIMAL CLASSIFICATION NUMBER
Classification number 671.302 SCH
Edition number 21
100 ## - MAIN ENTRY--PERSONAL NAME
9 (RLIN) 556
Personal name Schuler ,GmbH
130 0# - MAIN ENTRY--UNIFORM TITLE
Uniform title Handbuch der Umformtechnik.
Language of a work English
245 10 - TITLE STATEMENT
Title Metal forming handbook /
Statement of responsibility, etc. Schuler GmbH.
260 ## - PUBLICATION, DISTRIBUTION, ETC.
Place of publication, distribution, etc. Berlin ;
-- New York :
Name of publisher, distributor, etc. Springer-Verlag,
Date of publication, distribution, etc. c1998.
300 ## - PHYSICAL DESCRIPTION
Extent xx, 563 p. :
Other physical details col. ill. ;
Dimensions 24 cm.
500 ## - GENERAL NOTE
General note Includes Index http://www.amazon.com/Metal-Forming-Handbook-Schuler-GmbH/dp/3540611851/ref=sr_1_1?s=books&ie=UTF8&qid=1413180547&sr=1-1&keywords=3540611851
504 ## - BIBLIOGRAPHY, ETC. NOTE
Bibliography, etc. note Includes bibliographical references and index.
650 #0 - SUBJECT ADDED ENTRY--TOPICAL TERM
Topical term or geographic name entry element Metal-work.
General subdivision ME
710 2# - ADDED ENTRY--CORPORATE NAME
Corporate name or jurisdiction name as entry element Schuler GmbH.
856 42 - ELECTRONIC LOCATION AND ACCESS
Materials specified Publisher description
Uniform Resource Identifier <a href="http://www.loc.gov/catdir/enhancements/fy0815/98022434-d.html">http://www.loc.gov/catdir/enhancements/fy0815/98022434-d.html</a>
856 41 - ELECTRONIC LOCATION AND ACCESS
Materials specified Table of contents only
Uniform Resource Identifier <a href="http://www.loc.gov/catdir/enhancements/fy0815/98022434-t.html">http://www.loc.gov/catdir/enhancements/fy0815/98022434-t.html</a>
906 ## - LOCAL DATA ELEMENT F, LDF (RLIN)
a 7
b cbc
c orignew
d 1
e ocip
f 19
g y-gencatlg
942 ## - ADDED ENTRY ELEMENTS (KOHA)
Source of classification or shelving scheme
Koha item type Book
Holdings
Withdrawn status Lost status Source of classification or shelving scheme Damaged status Not for loan Permanent Location Current Location Shelving location Date acquired Source of acquisition Cost, normal purchase price Total Checkouts Full call number Barcode Date last seen Cost, replacement price Price effective from Koha item type
          Pakistan Navy Engineering College (PNEC) Pakistan Navy Engineering College (PNEC) Reference 03/08/2002 Vanguard Books 4894.00   671.302 SCH PNECLIB-025654 10/13/2014 4894.00 03/08/2002 Book
© 2023 Central Library, National University of Sciences and Technology. All Rights Reserved.